Curso de lingüística general

Shranjeno v:
Bibliografske podrobnosti
Glavni avtor: Saussure, Ferdinand de (Author)
Format: Knjiga
Jezik:španščina
Izdano: Buenos Aires Losada 1967
Izdaja:6a. ed
Serija:Filosofía y Teoría del Lenguaje
Teme:
Oznake: Označite
Brez oznak, prvi označite!

MARC

LEADER 00000cam a2200000 a 4500
001 UCG9686
003 CL-VaPUC
008 120330e19670000AG |||||||||||||||||spa|d
082 0 4 |a 410  |b SAU  |2 21 
100 0 |a Saussure, Ferdinand de  |e author  |9 350677 
245 1 0 |a Curso de lingüística general 
250 |a 6a. ed 
300 |a 378 p 
942 |c BK 
945 |d 20120330 00:00:00  |a cmena 
260 |a Buenos Aires  |b Losada  |c 1967 
650 0 |a Lingüística  |9 265068 
650 0 |a Fonología   |9 341074 
583 |a last modification  |c 20130326 01:29:29  |k Rodrigo Vera 
490 0 |a Filosofía y Teoría del Lenguaje 
999 |c 347232  |d 347230 
952 |0 0  |1 0  |4 0  |6 410_000000000000000_SAU_1967  |7 0  |8 A  |9 448453  |a BIBART  |b BIBART  |d 2019-11-22  |i 4807189  |o 410 SAU 1967  |p 4807189  |r 2025-03-13  |w 2019-11-22  |y BK  |k ART